| 000 | 00431nam a2200181Ia 4500 | ||
|---|---|---|---|
| 001 | 7829 | ||
| 005 | 20260306160524.0 | ||
| 008 | 260306t1999||||xx |||||||||||||| ||spa|| | ||
| 041 | _aESP | ||
| 082 |
_a362.5 _bI37 |
||
| 100 |
_aIguiñiz EcheverrÃa, Javier. _eAUT |
||
| 245 | 0 | _aDesigualdad y pobreza en el mundo texto impreso | |
| 260 | _c1999 | ||
| 300 |
_a _c |
||
| 650 | _aGEN | ||
| 654 | _aCAN | ||
| 942 |
_cLIB _dJUS _fJUS _2ddc _n |
||
| 999 |
_c7829 _d7829 |
||